New era for offshore wind begins (Record no. 70012)
[ view plain ]
| 000 -LEADER | |
|---|---|
| fixed length control field | 01000cam a2200205 4500 |
| 001 - CONTROL NUMBER | |
| control field | WB3814-07 |
| 008 - FIXED-LENGTH DATA ELEMENTS--GENERAL INFORMATION | |
| fixed length control field | 020418n2002 000 0 eng u |
| 035 ## - SYSTEM CONTROL NUMBER | |
| System control number | (Sirsi) u117570 |
| 245 ## - TITLE STATEMENT | |
| Title | New era for offshore wind begins |
| 260 ## - PUBLICATION, DISTRIBUTION, ETC. | |
| Date of publication, distribution, etc. | 2002 |
| 490 ## - SERIES STATEMENT | |
| Series statement | DTI Press Release |
| Volume/sequential designation | (P/2002/235) 17 April 2002, (1) |
| 520 ## - SUMMARY, ETC. | |
| Summary, etc. | Plans to build Britain's biggest offshore wind farm at Scroby Sands, have been given the go ahead by Minister for Energy, Brian Wilson. The development, some 2.5km off the coast of Great Yarmouth in Norfolk consists of up to 38 wind turbines and should provide enough green electricity fro 52 000 homes. For DTI press release: http://www.nds.coi.gov.uk/coi/coipress.nsf/2b45e1e3ffe090ac802567350059d840/5ba3b63884d260da80256b9e003281e2?OpenDocument |
| 650 ## - SUBJECT ADDED ENTRY--TOPICAL TERM | |
| Topical term or geographic name entry element | OFFSHORE WIND FARM |
| 650 ## - SUBJECT ADDED ENTRY--TOPICAL TERM | |
| Topical term or geographic name entry element | WIND TURBINE |
| 650 ## - SUBJECT ADDED ENTRY--TOPICAL TERM | |
| Topical term or geographic name entry element | SCROBY SANDS |
| 650 ## - SUBJECT ADDED ENTRY--TOPICAL TERM | |
| Topical term or geographic name entry element | ELECTRICITY ACT 1989 |
| 650 ## - SUBJECT ADDED ENTRY--TOPICAL TERM | |
| Topical term or geographic name entry element | WIND INDUSTRY |
| 690 ## - LOCAL SUBJECT ADDED ENTRY--TOPICAL TERM (OCLC, RLIN) | |
| Topical term or geographic name as entry element | ENVIRONMENTAL AND LAND CONSULTANCY-ENERGY |
| 942 ## - ADDED ENTRY ELEMENTS (KOHA) | |
| Suppress in OPAC | 0 |
| Withdrawn status | Lost status | Source of classification or shelving scheme | Damaged status | Not for loan | Home library | Current library | Shelving location | Date acquired | Total Checkouts | Full call number | Barcode | Date last seen | Copy number | Price effective from | Koha item type |
|---|---|---|---|---|---|---|---|---|---|---|---|---|---|---|---|
| Dewey Decimal Classification | London | London | News article | 18/04/2002 | WB3814-07 | 117570-1001 | 06/08/2019 | 1 | 06/08/2019 | News article |